| 000 | 00777nam a2200229 i 4500 | ||
|---|---|---|---|
| 001 | 24352 | ||
| 003 | ES-MaACL | ||
| 005 | 20250803114938.0 | ||
| 007 | t| | ||
| 008 | 021217s1970 sp ||||1| spa d | ||
| 245 | 0 | 0 |
_aAntología de la "Beat Generation" / _cM.R. Barnatán ; selecciones de poesía universal. |
| 260 |
_aBarcelona : _bPlaza & Janés, _c[1970] |
||
| 300 |
_a175 p. ; _c20 cm. |
||
| 500 | _aTexto bilingüe. | ||
| 650 | 0 |
_9227278 _aLiteratura norteamericana _yS. XX |
|
| 650 | 0 |
_9226243 _aGeneración Beat- _xHistoria y crítica |
|
| 700 | 1 |
_aBarnatán, Marcos Ricardo. _925710 |
|
| 852 |
_aES-MaACL _jC-39925 _bR.74450 |
||
| 942 |
_2udc _cMONOGRAFIA _n0 |
||
| 999 |
_c24352 _d24352 |
||